Las cigarras hormigas
Na minha lista:
| Autor principal: | |
|---|---|
| Formato: | Livro |
| Idioma: | Undetermined |
| Publicado em: |
[Lugar de publicación no identificado]
[Editor no identificaco]
[s.f.]
|
| Assuntos: | |
| Tags: |
Adicionar Tag
Sem tags, seja o primeiro a adicionar uma tag!
|
MARC
| LEADER | 00000nam a2200000Ia 4500 | ||
|---|---|---|---|
| 008 | 170316s9999 xx 000 0 und d | ||
| 040 | |a cru BVZT | ||
| 090 | |a 862 B-9c | ||
| 100 | |a Benavente, Jacinto | ||
| 245 | |a Las cigarras hormigas | ||
| 260 | |a [Lugar de publicación no identificado] | ||
| 260 | |b [Editor no identificaco] | ||
| 260 | |c [s.f.] | ||
| 300 | |a 204 páginaságinas | ||
| 650 | |a LITERATURA ESPAÑOLA | ||
| 650 | |a TEATRO | ||
| 999 | |c 9595 |d 9595 | ||
| 942 | |c 15 D |h 862 B-9c |2 z | ||
